| 000 | 00605nam a2200217 a 4500 | ||
|---|---|---|---|
| 005 | 20221011063545.0 | ||
| 008 | 040422s1995 mx r 000 0 spa d | ||
| 020 | _a9505821905 | ||
| 035 | _aUPN01000133034 | ||
| 049 | _aCG | ||
| 050 | 4 |
_aHV40 _bA4.4 1995 |
|
| 100 | 1 |
_aAlayón, Norberto Ricardo, _d1945- _930351 |
|
| 245 | 1 | 0 |
_aDefiniendo al trabajo social / _cNorberto Alayón. |
| 250 | _a3a ed. | ||
| 260 |
_aBuenos Aires : _bHvmanitas, _c[1995]. |
||
| 300 | _a103 p. | ||
| 440 | 0 | _aDesarrollo social | |
| 650 | 4 |
_aTrabajo social _96125 |
|
| 650 | 7 |
_aAsistencia social _2 _96249 |
|
| 905 | _aLibro | ||
| 999 |
_c105187 _d105187 |
||